000 00513nam a2200181Ia 4500
005 20250508152829.0
008 008 250505s9999 xx 000 0 eng d
037 _aTextual
040 _aFEDL
_beng
_cFEDL
041 _aeng
_2eng
084 _a320, GET
_qFEDL
100 _aGettell Raymond Garfield
_9345149
245 0 _aPolitical science
260 _aCalcutta, India
_bThe World Press Private Limited
_c1961
300 _aviii,504p.
942 _cTEXL
_h320, GET
999 _c1339037
_d1339037